| 000 | 00762 a2200205 4500 | ||
|---|---|---|---|
| 003 | OSt | ||
| 005 | 20180116182903.0 | ||
| 008 | 160509b xxu||||| |||| 00| 0 eng d | ||
| 020 | _a9698296069 (unknown binding) | ||
| 020 | _a9789698296063 (unknown binding) | ||
| 040 | _c0 | ||
| 100 | _aPakistan Institute of Quality Control. | ||
| 245 | 0 | 0 |
_aAsia's premier icqc' 97 : _bproceedings, pakistan's third international convention on quality control. |
| 260 |
_a[S.l.] : _bIbrahim Publishers, _c1997. |
||
| 300 | _a361 p. | ||
| 600 | _aPakistan Institute of Quality Control. | ||
| 700 | _aPakistan Institute of Quality Control. | ||
| 856 | 4 | 0 |
_3Amazon.com _uhttp://www.amazon.com/exec/obidos/ASIN/9698296069/chopaconline-20 |
| 942 |
_aNBS _cBK _k658.4013 ICQ _2ddc |
||
| 999 |
_c347831 _d347831 |
||